000 00403nam a22001697a 4500
003 MACL
005 20151023102642.0
008 151023b xxu||||| |||| 00| 0 eng d
040 _cMACL
041 _aEnglish
082 _a934/ROY
100 _aRoy U.N
_916306
245 _aUrbanisation In Ancient India
260 _aAllahabad
_bRaka Prakashan
_c2005
650 _aHistory
_916307
942 _2ddc
_cBK
999 _c50413
_d50413